Piłkarska kariera Dimitara Berbatova. - Statystyki

Ogólne statystyki
  • Ten quiz został rozwiązany 53 razy
  • Średni wynik to 3 z 8
Statystyki odpowiedzi
Lata Drużyna % Poprawnych
2008-2012 Manchester United
95%
2006-2008 Tottenham
64%
2014-2015 Monaco
48%
1998-2001 CSKA Sofia
45%
2001-2006 Bayer Leverkusen
41%
2012-2014 Fulham
34%
2015-2016 PAOK
9%
2017-2018 Kerala Blasters
7%
Nie znaleziono quizów pasujących do podanych kryteriów
Rozkład punktacji
Procent ludzi z każdym wynikiem
Percentyl według liczby udzielonych odpowiedzi
Twoja historia wyników
Nie rozwiązałeś tego quizu